书目信息 |
| 题名: |
房地产开发
|
|
| 作者: | 武汉城市建设学院 , 丁烈云 主编 | |
| 分册: | ||
| 出版信息: | 北京 中国建筑工业出版社 1999.06 |
|
| 页数: | 275页 | |
| 开本: | 26cm | |
| 丛书名: | ||
| 单 册: | ||
| 中图分类: | F293.3 | |
| 科图分类: | ||
| 主题词: | 城市经济 , 市政经济 | |
| 电子资源: | ||
| ISBN: | 7-112-03628-3 | |
| 000 | 00685nam0 2200217 45 | |
| 001 | 0239549567 | |
| 005 | 20081027151432.15 | |
| 010 | @a7-112-03628-3@dRMB 18.20 | |
| 100 | @a20020416d1999 km y0chiy0120 ea | |
| 101 | 0 | @achi |
| 102 | @aCN@b110000 | |
| 200 | 1 | @a房地产开发@Afang di chan kai fa@f武汉城市建设学院,丁烈云主编@FWu Han Cheng Shi Jian She Xue Yuan,Ding Lie Yun Zhu Bian |
| 210 | @a北京@c中国建筑工业出版社@d1999.06 | |
| 215 | @a275页@d26cm | |
| 606 | 0 | @a城市经济 |
| 606 | 0 | @a市政经济 |
| 690 | @aF293.3@v3 | |
| 701 | 0 | @a武汉城市建设学院@AWu Han Cheng Shi Jian She Xue Yuan@4主编 |
| 701 | 0 | @a丁烈云@ADing Lie Yun@4主编 |
| 801 | 0 | @aCN@c20081027 |
| 905 | @dF293.3@eW959 | |
| 房地产开发/武汉城市建设学院,丁烈云主编.-北京:中国建筑工业出版社,1999.06 |
| 275页;26cm |
| ISBN 7-112-03628-3:RMB 18.20 |
| ● |
| 相关链接 |
|
|
|
正题名:房地产开发
索取号:F293.3/W959
 
预约/预借
| 序号 | 登录号 | 条形码 | 馆藏地/架位号 | 状态 | 备注 |
| 1 | 355887 | 203558872 | 社科库409/409社科库 108排2列4层/ [索取号:F293.3/W959] | 在馆 | |
| 2 | 355888 | 203558881 | 社科库409/ [索取号:F293.3/W959] | 在馆 | |
| 3 | 459700 | 204597007 | 社科库409/409社科库 108排2列4层/ [索取号:F293.3/W959] | 在馆 |